000 00284nam a2200109 4500
008 160624b xxu||||| |||| 00| 0 eng d
100 _9910
_a Wilkerson, D., et al
245 _aParents on Trial
260 _aN.J
_b Fleming H.Revell
_c1967
300 _aParents on Trial
942 _2ddc
_cBK
999 _c721
_d721